000
00295nam a22001337a 4500
008
181204b xxu||||| |||| 00| 0 eng d
020
_a
9780465081981
041
_a
eng
080
_a
521
100
_a
42
101
_a
AST
245
_a
Stephen Hawking's Universe
_c
Filkin,D
942
_2
udc
_c
BK
999
_c
52829
_d
52829